Egyptian Folk Arts : (Record no. 26673)
[ view plain ]
| 000 -LEADER | |
|---|---|
| fixed length control field | 00715nam a22002055a 4500 |
| 005 - DATE AND TIME OF LATEST TRANSACTION | |
| control field | 20180509111357.0 |
| 008 - FIXED-LENGTH DATA ELEMENTS--GENERAL INFORMATION | |
| fixed length control field | 180509q1985 ua a fr 000 0 eng d |
| 040 ## - CATALOGING SOURCE | |
| Original cataloging agency | EG-ScBUE |
| Language of cataloging | eng |
| Transcribing agency | EG-ScBUE |
| 043 ## - GEOGRAPHIC AREA CODE | |
| Geographic area code | f-ua--- |
| 082 04 - DEWEY DECIMAL CLASSIFICATION NUMBER | |
| Classification number | 398.20962 |
| Item number | EGY |
| Edition number | 22 |
| 245 00 - TITLE STATEMENT | |
| Title | Egyptian Folk Arts : |
| Remainder of title | Folk Literature, Music, Art And Handicraft, Habits And Customs / |
| Statement of responsibility, etc | editors, Ali Ezzat... [et al.] |
| 260 ## - PUBLICATION, DISTRIBUTION, ETC. (IMPRINT) | |
| Place of publication, distribution, etc | Cairo : |
| Name of publisher, distributor, etc | Ministry Of Information, State Information Service, |
| Date of publication, distribution, etc | [1985] |
| 300 ## - PHYSICAL DESCRIPTION | |
| Extent | 240 p. : |
| Other physical details | ill.(col.) ; |
| Dimensions | 30 cm. |
| 541 ## - IMMEDIATE SOURCE OF ACQUISITION NOTE | |
| Source of acquisition | Ambassador Ali Al-Hafni ; |
| 650 #7 - SUBJECT ADDED ENTRY--TOPICAL TERM | |
| Topical term or geographic name as entry element | Folklore |
| Geographic subdivision | Egypt. |
| Source of heading or term | BUEsh |
| 651 ## - SUBJECT ADDED ENTRY--GEOGRAPHIC NAME | |
| Source of heading or term | BUEsh |
| 653 ## - INDEX TERM--UNCONTROLLED | |
| Resource For college | Generalities |
| Arrived date list | May2018 |
| 700 1# - ADDED ENTRY--PERSONAL NAME | |
| Personal name | Ezzat, Ali, |
| Relator term | editor. |
| 942 ## - ADDED ENTRY ELEMENTS (KOHA) | |
| Source of classification or shelving scheme | Dewey Decimal Classification |
| Withdrawn status | Item status | Source of classification or shelving scheme | Damaged status | Not for loan | Vendor | Home library | Current library | Shelving location | Date acquired | Source of acquisition | Total Checkouts | Full call number | Barcode | Date last seen | Koha item type |
|---|---|---|---|---|---|---|---|---|---|---|---|---|---|---|---|
| Dewey Decimal Classification | Donation-Gift | Central Library | Central Library | Ground Floor | 09/05/2018 | Donation | 398.20962 EGY | 000043399 | 15/07/2025 | Book - Borrowing |